| 000 | 00933nam a2200265 a 4500 | ||
|---|---|---|---|
| 001 | 000010839 | ||
| 005 | 20260520104305.0 | ||
| 008 | 091012s2002 dr r 000 0 spa d | ||
| 020 | _a9993488119 | ||
| 040 |
_aDO-SdBNP _bspa _cBNPHU |
||
| 082 |
_a341.37 _bR457tr |
||
| 100 | 1 |
_aReyes Sánchez, Miguel, _d1966- _92285 |
|
| 245 | 1 | 4 |
_aLos tratados internacionales / _cMiguel Reyes Sánchez. |
| 250 | _a2a ed. | ||
| 260 |
_aSanto Domingo : _bCumbre, _c2002. |
||
| 300 |
_a175 p. ; _c23 cm. |
||
| 500 | _aIncluye datos biográficos del autor en las solapas | ||
| 504 | _aBibliografía : p. 173-175 | ||
| 590 | _aInventariado, 2018/BT | ||
| 650 | 0 |
_aTratados _99456 |
|
| 650 | 0 |
_aRelaciones internacionales _9399 |
|
| 650 | 4 |
_aRelaciones diplomáticas _99457 |
|
| 710 | 1 |
_aRepública Dominicana _bSecretaría de Estado de Relaciones Exteriores _bEscuela Diplomática y Consular _92252 |
|
| 910 | _aValidado. Control de calidad. MFF | ||
| 999 |
_c10588 _d10588 |
||